00525nam a2200169 a 450008200160000010000150001624500680003126000360009930000090013550000350014450500130017965000200019270000150021294200070022795201060023499900150034000a922.97bKUM aKumar, H L aApostle of Unity: Biographical Study of Maulana Abul Kalam Azad aLahorebHero Publicationsc1942 a109p aincludes index and biblioraphy2 aAppendix aAbul Kalam Azad1 aKumar, H L cBK 00104070aHMIbHMId2007-06-06g100.00l3o922.97 KUMp921r2019-09-11s2019-09-04w2026-01-16yEB c2653d2653